Feminismo: una respuesta frente al capitalismo patriarcal /

El texto constituye una explicación teórica acerca de cómo el sistema patriarcal se construye y se sustenta en una rígida división sexual de roles que asigna a hombres y mujeres diversas tareas en los diversos ámbitos sociales. Este sustento del sistema patriarcal también se ve relacionado al sistem...

Descrizione completa

Salvato in:
Dettagli Bibliografici
Autore principale: Vargas, Virginia
Natura: testo
Lingua:Spanish
Pubblicazione: Arequipa : Centro Flora Tristán, 1982
Soggetti:
Tags: Aggiungi Tag
Nessun Tag, puoi essere il primo ad aggiungerne!!

MARC

LEADER 00000 a a2200000 04500
001 14039
003 cru CIDCACS/IIS
005 20230320112213.0
008 180601b1982 cl ||||| |||| 00| 0 spa d
040 |c cru CIDCACS/IIS 
090 |a 05.03.07 V297f 
100 |a Vargas, Virginia  
245 |a Feminismo: una respuesta frente al capitalismo patriarcal /  |c Virginia Vargas 
260 |a Arequipa :   |b Centro Flora Tristán,   |c 1982 
300 |a 15 p  
520 |a El texto constituye una explicación teórica acerca de cómo el sistema patriarcal se construye y se sustenta en una rígida división sexual de roles que asigna a hombres y mujeres diversas tareas en los diversos ámbitos sociales. Este sustento del sistema patriarcal también se ve relacionado al sistema económico. Finalmente, la autora desarrolla el proceso por el cual la comprensión de la desigualdad que deviene en una ira contenida, para a una ira colectiva cuando se comienzan a intercambiar experiencias individuales entre mujeres comprobando la existencia de vivencias comunes, impulsando la acción colectiva feminista. FGO 20/03/2023 
650 |a MOVIMIENTOS FEMENINOS  
650 0 |a PATRIARCADO  |9 4915 
650 0 |a CAPITALISMO  |9 64 
650 0 |a FEMINISMO  |9 111 
942 |2 ddc  |c LI 
999 |c 15350  |d 15350